Teenage mutant ninja turtles II : (Record no. 795)
[ view plain ]
| 000 -LEADER | |
|---|---|
| fixed length control field | 01279nam a2200373 a 4500 |
| 001 - CONTROL NUMBER | |
| control field | 609498 |
| 003 - CONTROL NUMBER IDENTIFIER | |
| control field | OSt |
| 005 - DATE AND TIME OF LATEST TRANSACTION | |
| control field | 20140310181641.0 |
| 008 - FIXED-LENGTH DATA ELEMENTS--GENERAL INFORMATION | |
| fixed length control field | 930923s1991 nyua j 000 1 eng d |
| 010 ## - LIBRARY OF CONGRESS CONTROL NUMBER | |
| LC control number | 91221598 |
| 020 ## - INTERNATIONAL STANDARD BOOK NUMBER | |
| International Standard Book Number | 0440404517 |
| 035 ## - SYSTEM CONTROL NUMBER | |
| System control number | (OCoLC)23273851 |
| 040 ## - CATALOGING SOURCE | |
| Original cataloging agency | OT |
| Transcribing agency | OT |
| Modifying agency | OBgU |
| -- | DLC |
| 042 ## - AUTHENTICATION CODE | |
| Authentication code | lccopycat |
| 050 00 - LIBRARY OF CONGRESS CALL NUMBER | |
| Classification number | PZ 7 |
| Item number | .H652 1991 |
| 082 ## - DEWEY DECIMAL CLASSIFICATION NUMBER | |
| Classification number | KF |
| Item number | H55t 1991 |
| 100 1# - MAIN ENTRY--PERSONAL NAME | |
| Personal name | Hiller, B. B. |
| 9 (RLIN) | 6541 |
| 245 10 - TITLE STATEMENT | |
| Title | Teenage mutant ninja turtles II : |
| Remainder of title | the secret of the ooze / |
| Statement of responsibility, etc | a novelization by B.B. Hiller ; based on the screenplay by Todd W. Langen. |
| 260 ## - PUBLICATION, DISTRIBUTION, ETC. (IMPRINT) | |
| Place of publication, distribution, etc | New York : |
| Name of publisher, distributor, etc | Dell, |
| Date of publication, distribution, etc | c1991. |
| 300 ## - PHYSICAL DESCRIPTION | |
| Extent | 105 p. : |
| Other physical details | ill. ; |
| Dimensions | 20 cm. |
| 541 ## - IMMEDIATE SOURCE OF ACQUISITION NOTE | |
| -- | 1 |
| 562 ## - COPY AND VERSION IDENTIFICATION NOTE | |
| Number of copies | For circulation.1 copy available in the collection |
| 650 #1 - SUBJECT ADDED ENTRY--TOPICAL TERM | |
| Topical term or geographic name as entry element | Heroes |
| General subdivision | Fiction. |
| 9 (RLIN) | 6542 |
| 650 #1 - SUBJECT ADDED ENTRY--TOPICAL TERM | |
| Topical term or geographic name as entry element | Adventure and adventurers |
| General subdivision | Fiction. |
| 9 (RLIN) | 6543 |
| 650 #1 - SUBJECT ADDED ENTRY--TOPICAL TERM | |
| Topical term or geographic name as entry element | Martial arts |
| General subdivision | Fiction. |
| 9 (RLIN) | 6544 |
| 700 1# - ADDED ENTRY--PERSONAL NAME | |
| Personal name | Langen, Todd W. |
| 9 (RLIN) | 6545 |
| 730 0# - ADDED ENTRY--UNIFORM TITLE | |
| Uniform title | Teenage Mutant Ninja Turtles (Motion picture) |
| 9 (RLIN) | 6546 |
| 740 0# - ADDED ENTRY--UNCONTROLLED RELATED/ANALYTICAL TITLE | |
| Uncontrolled related/analytical title | Teenage mutant ninja turtles 2. |
| 740 0# - ADDED ENTRY--UNCONTROLLED RELATED/ANALYTICAL TITLE | |
| Uncontrolled related/analytical title | Teenage mutant ninja turtles two. |
| 740 0# - ADDED ENTRY--UNCONTROLLED RELATED/ANALYTICAL TITLE | |
| Uncontrolled related/analytical title | Secret of the ooze. |
| 906 ## - LOCAL DATA ELEMENT F, LDF (RLIN) | |
| a | 7 |
| b | cbc |
| c | copycat |
| d | 4 |
| e | ncip |
| f | 19 |
| g | y-gencatlg |
| 942 ## - ADDED ENTRY ELEMENTS (KOHA) | |
| Source of classification or shelving scheme | Library of Congress Classification |
| Koha item type | |
| Call number prefix | |
| Withdrawn status | Lost status | Source of classification or shelving scheme | Damaged status | Home library | Current library | Shelving location | Date acquired | Total Checkouts | Full call number | Barcode | Date last seen | Copy number | Price effective from | Koha item type |
|---|---|---|---|---|---|---|---|---|---|---|---|---|---|---|
| Library of Congress Classification | Luxembourg Library | Luxembourg Library | Kids Fiction Section | 04/12/2012 | PZ 7 .H652 1991 | 0172 | 08/13/2013 | 1 | 10/03/2013 | Books |